000 00498nam a2200217 454500
001 024426
003 BD-ChCU
008 Eng
020 _ax
040 _aDLC
_cDLC
_dBD-ChCU
082 0 0 _a156/HAH
100 1 _aHarlow, Harry F.
_bMears, Clara
245 1 0 _aThe human model
_bPrimate perspectives
250 _ax
260 _aH.Y.
_bWiley
_c1979
300 _aviii, 312
504 _ax
650 0 _aPsychology, Comparative
_bPrimaes - Behavior
700 1 _ax
942 _2ddc
_cBK
999 _c24426
_d24426